| 000 | 00884 a2200229 4500 | ||
|---|---|---|---|
| 008 | 210825b ||||| |||| 00| 0 eng d | ||
| 020 | _a9780985651923 | ||
| 050 |
_aTK7887 _b.J37 2019 |
||
| 100 | _aJaskulski, Ken | ||
| 245 |
_aComputer repair : _bsmartiepants / _cKen Jaskulski, |
||
| 260 |
_c2019 _aPhiladelphia : _bComputer Operation Consultants, Inc., |
||
| 300 |
_a287p : _bill. ; _c27cm. |
||
| 500 | _aIncludes bibliographical references and index. | ||
| 650 |
_2 _aComputers _xMaintenance and repair |
||
| 650 |
_aMicrocmputers _xMaintenance and repair. |
||
| 650 |
_aComputers _xEquipment and supplies _xMaintenance and repair. |
||
| 650 |
_aMicrocmputers _xEquipment and supplies _xMaintenance and repair. |
||
| 650 |
_aMicrocomputers _xUpgrading |
||
| 650 |
_aMicrocomputers _xEquipment and supplies |
||
| 650 | _2Utilities (Computer programs) | ||
| 942 |
_cBK _2lcc |
||
| 999 |
_c56887 _d56887 |
||